| 000 | 00544nam a22001817a 4500 | ||
|---|---|---|---|
| 008 | 131022b xxu||||| |||| 00| 0 eng d | ||
| 020 | _a9-7893-5028-0362 | ||
| 082 |
_221 ed. _a345 _bPIL |
||
| 100 | _aPillai, K.N. Chandrasekharan | ||
| 245 |
_aGeneral principles of criminal law / _c Chandrasekharan Pillai, K.N |
||
| 250 | _a2 ed. | ||
| 260 |
_bEastern Book company _c2011 |
||
| 300 |
_axxxv, 705 P. ; _c24 cm. |
||
| 500 | _aIncludes Index | ||
| 650 | _aCriminal law | ||
| 650 | _aGeneral principles of criminal law | ||
| 942 |
_2ddc _cBK |
||
| 999 |
_c5793 _d5793 |
||